| Registos Bibliográficos associados ao registo de autoridade |
|
Etiqueta de registo: 00000nam 2200025 450 001 2271972 003 http://id.bnportugal.gov.pt/bib/catbnp/2271972 010 ## $a978-989-53804-3-5 021 ## $aPT$b554666/25 100 ## $a20260225d2025 m y0pory01030103ba 101 0# $apor 102 ## $aPT 105 ## $aa b 100yy 106 ## $ar 200 1# $aCorpos em movimento, da migração, do desejo e do direito ao lugar$econtributos para a 12ª Mostra Internacional de Cinema Anti-Racista$fGil Pereira... [et al.]$gtrad. Tatiana Moutinho 205 ## $a1ª ed 210 #9 $aPorto$cMICAR,$d2025 215 ## $a186, [6] p.$cil.$d20 cm 675 ## $a791.4(042)$vBN$zpor$31332257 675 ## $a316.347(042)$vBN$zpor$31054951 675 ## $a791.65.079(083.97)$vBN$zpor$31761219 675 ## $a791.63(042)$vBN$zpor$31248894 702 #1 $aMoutinho,$bTatiana$4730$31955413 702 #1 $aPereira,$bGil$4340$3203974 710 02 $aMostra Internacional de Cinema Anti-Racista,$d12,$ePorto,$f2025$31987496 801 #0 $aPT$bBN$gRPC 856 41 $uhttp://rnod.bnportugal.gov.pt/ImagesBN/winlibimg.aspx?skey=&doc=2271972&img=219815&save=true 900 ## $aBIBNAC$d20260318 966 ## $lBN$mFGMON$sB.A. 12566 P.$x1 966 ## $lBN$mFGMON$sB.A. 12566 P.-D$x1 971 ## $ccsilva$d20260225 972 ## $e0$z0$d20260318$vlrevez 973 ## $caalmeid$d20260302
|
|
|